| 000 | 00374nam a22001457a 4500 | ||
|---|---|---|---|
| 003 | MACL | ||
| 005 | 20190717162817.0 | ||
| 008 | 190717b xxu||||| |||| 00| 0 eng d | ||
| 040 | _cMACL | ||
| 100 |
_aShdhakar,Gopu _975989 |
||
| 245 | _aSavitribal Phule Pioneer of Women Empowerment | ||
| 260 |
_aNew Delhi _bAvni Pub. _c2018 |
||
| 650 |
_aBiography _975990 |
||
| 942 |
_2ddc _cBK |
||
| 999 |
_c60568 _d60568 |
||